Thundercats Picture Click Quiz - Statistics

General Stats
  • This quiz has been taken 514 times
  • The average score is 10 of 16
Answer Stats
Hint Answer % Correct
Cheetara
89%
Lion-O
84%
Vultureman
83%
Snarf
79%
Tygra
71%
Mumm-Ra
67%
Wilykit
67%
Slithe
65%
Monkian
65%
Panthro
60%
Wilykat
59%
Jackalman
51%
Pumyra
47%
Bengali
39%
Jaga
36%
Lynx-O
21%
No matching quizzes found
Score Distribution
Percent of People with Each Score
Percentile by Number Answered
Your Score History
You have not taken this quiz